000 00686cab a2200229 4500
001 ABS54073
008 090401t1995 xxu||||| |||| 00| 0 eng d
035 _a(Sirsi) u8298
041 _aeng
100 _aThompson, J.C.
245 _aMakin waves
260 _c1995
350 _a0
490 _aBuilding
_v260(7915) 3 November 1995, 40-41(2)
520 _aAn article about Claire Makin, the new Chief Executive of the RICS. It considers her background, energy and what she has to offer the Institution.
650 _aCLAIRE MAKIN
650 _aRICS
650 _aWOMEN
690 _aMANAGEMENT-BUSINESS MANAGEMENT-PROFESSIONAL PRACTICE
942 _n0
948 _c04/03/1997
999 _c5087
_d5087